Nâng cao chất lượng chương trình phát thanh tiếng Cơ tu đài tiếng nói Việt Nam

Những vấn đề chung về chương trình phát thanh tiếng dân tộc thiểu số. Thực trạng chương trình phát thanh tiếng Cơ tu đài tiếng nói Việt Nam. Giải pháp tiếp tục nâng cao chất lượng chương trình phát thanh tiếng Cơ tu đài tiếng nói Việt Nam...

ver descrição completa

Na minha lista:
Detalhes bibliográficos
Autor principal: Nguyễn Long Phi
Outros Autores: Phan Thanh Hằng (Hướng dẫn)
Formato: Livro
Idioma:Vietnamese
Publicado em: Đà Nẵng Đại học Sư phạm, Đại học Đà Nẵng 2012
Assuntos:
Tags: Adicionar Tag
Sem tags, seja o primeiro a adicionar uma tag!
Thư viện lưu trữ: Mạng thư viện Đại học Đà Nẵng
LEADER 01829nam a2200349 4500
001 000017027
003 13438
005 20130128160126.0
008 130128s2012 viesd
041 0 |a vie 
082 |a 070.4  |b NG-P 
100 1 |a Nguyễn Long Phi 
245 |a Nâng cao chất lượng chương trình phát thanh tiếng Cơ tu đài tiếng nói Việt Nam  |c Nguyễn Long Phi ; Phan Thanh Hằng hướng dẫn  |k Khóa luận tốt nghiệp 
260 |a Đà Nẵng  |b Đại học Sư phạm, Đại học Đà Nẵng  |c 2012 
300 |a 96 tr., phụ lục 40 tr.  |c 29 cm. 
500 |a Khóa luận tốt nghiệp đại học. Chuyên ngành: Cử nhân báo chí 
504 |a Mục lục đầu trang, tài liệu tham khảo tr. 73 - 74, phụ lục [13 tr.] 
520 |a Những vấn đề chung về chương trình phát thanh tiếng dân tộc thiểu số. Thực trạng chương trình phát thanh tiếng Cơ tu đài tiếng nói Việt Nam. Giải pháp tiếp tục nâng cao chất lượng chương trình phát thanh tiếng Cơ tu đài tiếng nói Việt Nam 
600 1 4 |b Vua  |c Đinh Tiên Hoàng 
650 0 4 |a Chương trình phát thanh  |v Khóa luận tốt nghiệp  |x Tiếng Cơ tu  |z Việt Nam 
653 |a Chương trình phát thanh  |a Khoa Ngữ văn 
700 |a Phan Thanh Hằng  |e Hướng dẫn 
OWN |a LSP 
AVA |a UDN50  |b LSP  |d 070.4 NG-P  |e available  |t Error 5001 Not defined in file expand_doc_bib_avail.  |f 1  |g 0  |h N  |i 0  |k 1 
999 |a From the UDN01 
AVA |a UDN50  |b LSP  |d 070.4 NG-P  |e available  |t Error 5001 Not defined in file expand_doc_bib_avail.  |f 1  |g 0  |h N  |i 0  |k 1 
TYP |a Monograph 
TYP |a Printed language 
980 |a Mạng thư viện Đại học Đà Nẵng